000 00424nam a2200181Ia 4500
005 20250326144226.0
008 250326s9999 xx 000 0 und d
037 _aTextbook
040 _aFMSL
_beng
_cFMSL
041 _aeng
_2eng
084 _qFMSL
100 _aHMSO
_9736503
245 0 _aPractice of O & M
_cHMSO
260 _aNY
_bNY, HMSO
_c1965
300 _a107p
942 _cTB
999 _c1302881
_d1302881